000 00607cam a22002053a 4500
001 38855
003 PGUSA
005 20140828083846.0
008 120213s2012||||xxu|||||s|||||000 | eng d
040 _aPGUSA
_beng
042 _adc
100 1 _aAughey, John H.
_q(John Hill),
_d1828-1911
245 1 4 _aThe Iron Furnace, or Slavery and Secession
_h[electronic resource] /
_cJohn H. Aughey
260 _bProject Gutenberg,
_c2012
506 _aPublic domain in the USA.
516 _aElectronic text
830 0 _aProject Gutenberg
_v38855
856 4 0 _uhttp://www.gutenberg.org/ebooks/38855
942 _cEB
999 _c268109
_d268109